000 01834nam0a2200349 4500
001 RU\NLR\bibl\495106
005 20260408133052.0
010 _a5-7213-0191-0
_91000
021 _aRU
_b2003-65886
_93245
035 _a(NLR Aleph) 000487744
090 _a1094002
_c1094002
100 _a20040227d2003 |||y0rusy50 ca
101 0 _arus
102 _aRU
105 _aac |||||||||
200 1 _aРади жизни...
_e[История 1 Гор. ордена "Знак Почета" клин. больницы им. Ю.Я. Гордеева]
_fФедер. гос. образоват. учреждение Сарат. гос. мед. ун-т МЗ РФ
_g[Сост.: И.А. Салов и др.]
_gПод общ. ред. проф. И.А. Салова
210 _aСаратов
_cИзд-во Сарат. мед. ун-та
_d2003
215 _a263, [1] с.
_cил., портр.
_d22
601 0 2 _aСаратовская городская клиническая больница им. Ю.Я. Гордеева
_c1
_xИстория
_92322344
_3RU\NLR\AUTH\661389292
606 0 _aЗдравоохранение
_xИстория
_yСаратовская губерния
_92322342
_3RU\NLR\AUTH\661389291
686 _aР11(2)21л74г
686 _aР11(28-8Са)г
702 1 _aСалов
_bИ. А.
_4220
711 0 2 _aСаратовская городская клиническая больница им. Ю. Я. Гордеева
_c1
_3RU\NLR\AUTH\8810052033
_9604423
712 0 2 _4475
_aСаратовский государственный медицинский университет
_3RU\NLR\AUTH\880617524
_92643389
801 0 _aRU
_bNLR
_c20040227
_gPSBO
801 1 _aRU
_bNLR
_c20040227
942 _cBOOK
980 _aNB
980 _aNBR